La réforme de Benoît XVI. La liturgie entre innovation et tradition.
محفوظ في:
| المؤلف الرئيسي: | |
|---|---|
| التنسيق: | كتاب |
| منشور في: |
Perpignan, France:
Éditions Tempora,
2009.
|
| الموضوعات: | |
| الوسوم: |
إضافة وسم
لا توجد وسوم, كن أول من يضع وسما على هذه التسجيلة!
|
MARC
| LEADER | 00000nam a22000007a 4500 | ||
|---|---|---|---|
| 003 | CL-VaPUC | ||
| 005 | 20230406085844.0 | ||
| 008 | 230328t2009 ||||| |||| 00| 0 eng d | ||
| 999 | |c 440352 |d 440350 | ||
| 020 | |a 978-2-91-605353-0 | ||
| 040 | |c Pontificia Universidad Católica de Valparaíso | ||
| 082 | 0 | 4 | |2 22 |a 264.02 BUX 2009 |
| 100 | 1 | |a Bux, Nicola |e auteur |9 880978 | |
| 245 | 1 | 3 | |a La réforme de Benoît XVI. |b La liturgie entre innovation et tradition. |
| 260 | |a Perpignan, France: |b Éditions Tempora, |c 2009. | ||
| 300 | |a 204 páginas. | ||
| 500 | |a c.1 Donación Padre Cristian Eichin. Memo 1/2023 | ||
| 583 | |c 20230328 |k Catalogador Asistente | ||
| 600 | |a Benedicto XVI, |c Papa |d 1927-2022 |x Crítica e interpretación |9 881078 | ||
| 650 | 1 | |a Liturgia católica |9 516111 | |
| 650 | 1 | |a Reforma litúrgica |x Iglesia Católica |9 881089 | |
| 650 | 1 | |a Renovación liturgica |x Iglesia Católica |y 1990- |9 881090 | |
| 942 | |2 ddc |c BK | ||
| 952 | |0 0 |1 0 |2 ddc |4 0 |6 264_020000000000000_BUX_2009 |7 0 |8 A |9 589309 |a BIBTEO |b BIBTEO |d 2023-03-28 |e Donación |i 5656882 |o 264.02 BUX 2009 |p 5656882 |r 2025-01-17 |t 1 |w 2023-03-28 |y BK |k ICR | ||